000 00382nam a2200169Ia 4500
100 _aRashid/Muhammad H
650 _aPower electronics
942 _cBK
366 _f10
654 _apower electronics
245 _aPower Electronics:Circuits
260 _bPearson Education
_aMumbai
_c1993
082 _a621.317/RAS
_bRAS
300 _a702
546 _aENGLISH
999 _c20103
_d20103